Mlle. Fifi (Record no. 170272)

MARC details
000 -LEADER
campo de control de longitud fija 00695nam a22001935i 4500
001 - NÚMERO DE CONTROL
campo de control 170272
003 - IDENTIFICADOR DE NÚMERO DE CONTROL
campo de control ES-MaACL
005 - FECHA Y HORA DE LA ÚLTIMA TRANSACCIÓN
campo de control 20240514102127.0
008 - DATOS DE LONGITUD FIJA--INFORMACIÓN GENERAL
campo de control de longitud fija 090218s1905 fr |||| | fre d
080 ## - NÚMERO DE LA CLASIFICACIÓN DECIMAL UNIVERSAL
Número de la Clasificación Decimal Universal 821.133.1-2"19"
100 1# - ENTRADA PRINCIPAL--NOMBRE DE PERSONA
Nombre de persona Méténier, Oscar.
9 (RLIN) 139473
245 10 - MENCIÓN DEL TÍTULO
Título Mlle. Fifi
Resto del título : drame en un acte /
Mención de responsabilidad, etc. Oscar Méténier ; tiré de la nouvelle de Guy de Maupassant.
250 ## - MENCION DE EDICION
Mención de edición Nouvelle édition.
260 ## - PUBLICACIÓN, DISTRIBUCIÓN, ETC.
Lugar de publicación, distribución, etc. Paris :
Nombre del editor, distribuidor, etc. Société d'Éditions Littéraires et Artistiques,
Fecha de publicación, distribución, etc. 1905.
300 ## - DESCRIPCIÓN FÍSICA
Extensión 37 p. ;
Dimensiones 19 cm.
700 1# - ENTRADA AGREGADA--NOMBRE PERSONAL
Nombre de persona Maupassant, Guy de,
Fechas asociadas al nombre 1850-1893
9 (RLIN) 79214
852 ## - LOCALIZACIÓN
Ubicación ES-MaACL
Número de control de estantería 2248-F-10
itemnumber R.140944
Nota libre .- Biblioteca Jacinto Martínez Lacalle
Holdings
Estatus retirado Estado de pérdida Estado de daño No para préstamo Colección Biblioteca de origen Biblioteca actual Ubicación en estantería Fecha de adquisición Fuente de adquisición Total de préstamos Signatura topográfica completa Código de barras Visto por última vez Precio de reemplazo Tipo de ítem Koha
        Colección de folletos Biblioteca del Ateneo de Madrid Biblioteca del Ateneo de Madrid Depósito folletos 18/02/2009     2248-F-10 1178758 23/02/2023 23/02/2023 Folleto